Catholic Mass Prayer Responses Quiz Stats

 Plays Quiz not verified by Sporcle

Also try: Bible or Quran?
Challenge
Share
Tweet
Embed
Score 0/13 Timer 03:00
0 Plays Today
% Correct
And also with you.
90.1%
Amen.
88.5%
We lift them up to the Lord.
87.8%
Peace be with you.
87.1%
And also with you.
82.8%
Our Father, who art in heaven,...
78.1%
It is right to give him thanks and praise.
75.9%
Amen.
74.1%
Thanks be to God.
73.9%
Thanks be to God.
70%
Lord, hear our prayer.
65.7%
Praise to you, Lord Jesus Christ.
57.9%
Blessed be God for ever.
55.7%

You're not logged in!

Compare scores with friends on all Sporcle quizzes.
OR
Log In

You Might Also Like...

Show Comments

Extras

Top Quizzes Today


Score Distribution

Your Account Isn't Verified!

In order to create a playlist on Sporcle, you need to verify the email address you used during registration. Go to your Sporcle Settings to finish the process.

Report this User

Report this user for behavior that violates our Community Guidelines.

Details: